Traitement de la syphilis / (Record no. 64930)

MARC details
000 -LEADER
campo de control de longitud fija 00515nam a2200181 i 4500
001 - NÚMERO DE CONTROL
campo de control 64930
003 - IDENTIFICADOR DE NÚMERO DE CONTROL
campo de control ES-MaACL
005 - FECHA Y HORA DE LA ÚLTIMA TRANSACCIÓN
campo de control 20230906165246.0
007 - CAMPO FIJO DE DESCRIPCIÓN FÍSICA--INFORMACIÓN GENERAL
campo de control de longitud fija t|
008 - DATOS DE LONGITUD FIJA--INFORMACIÓN GENERAL
campo de control de longitud fija 040107s1909 fr ||||1| fre d
100 1# - ENTRADA PRINCIPAL--NOMBRE DE PERSONA
Nombre de persona Fournier, Alfred.
9 (RLIN) 51973
245 10 - MENCIÓN DEL TÍTULO
Título Traitement de la syphilis /
Mención de responsabilidad, etc. par Alfred Fournier.
250 ## - MENCION DE EDICION
Mención de edición 3éme ed., rev. et aug.
260 ## - PUBLICACIÓN, DISTRIBUCIÓN, ETC.
Lugar de publicación, distribución, etc. París :
Nombre del editor, distribuidor, etc. Vigot,
Fecha de publicación, distribución, etc. 1909 (
Lugar de fabricación/manufactura Mayenne :
Fabricante Charles Colin)
300 ## - DESCRIPCIÓN FÍSICA
Extensión IV, 462 p. ;
Dimensiones 25 cm.
650 04 - PUNTO DE ACCESO ADICIONAL DE MATERIA--TÉRMINO DE MATERIA
Término de materia o nombre geográfico como elemento de entrada Sífilis.
9 (RLIN) 17092
852 ## - LOCALIZACIÓN
Ubicación ES-MaACL
Número de control de estantería B-12103
Holdings
Estatus retirado Estado de pérdida Estado de daño No para préstamo Biblioteca de origen Biblioteca actual Ubicación en estantería Fecha de adquisición Fuente de adquisición Total de préstamos Signatura topográfica completa Código de barras Visto por última vez Precio de reemplazo Tipo de ítem Koha
        Biblioteca del Ateneo de Madrid Biblioteca del Ateneo de Madrid Sala Pardo Bazán 17/01/2008     B-12103 1068033 23/02/2023 23/02/2023 Libro impreso